Statistics for U.S History Quiz

Click here to take the quiz!

General Stats

  • This quiz has been taken 1,252 times
  • The average score is 10 of 14

Answer Stats

HintAnswer% Correct
Gave his "I have a dream" speech on the Lincoln MemorialMartin Luther King Jr.
93%
First man to walk on the moon.Neil Armstrong
89%
Attack on Hawiian Naval base.Pearl Harbor
89%
Had the infamous affiar with Monica Lewinsky.Bill Clinton
88%
Assassinated by John Wilkes Booth after the Civil War.Abraham Lincoln
87%
Only President to resign from office.Richard Nixon
83%
The main immigration site located in New York.Ellis Island
79%
Failed attempt to overthrow Fidel Castro's government.Bay of Pigs
73%
Purchased the Louisiana Purchase.Thomas Jefferson
68%
Elected the President of the United States in the 2000 electionGeorge W. Bush
53%
President of the Confederate statesJefferson Davis
53%
Winning general at the Battle of New Orleans.Andrew Jackson
46%
City of the British surrender during the American Revolution.Yorktown
45%
Died 1 month into his Presidential termWilliam Harrison
40%

Score Distribution

Percentile by Number Answered

Percent of People with Each Score

Your Score History

You have not taken this quiz